Central Library OPAC University of Rajshahi

Political power and the governmental process. (Record no. 5821)

MARC details
000 -LEADER
fixed length control field 00935cam a22003011 4500
001 - CONTROL NUMBER
control field 5821
003 - CONTROL NUMBER IDENTIFIER
rucl marc code BD-RjUL
005 - DATE AND TIME OF LATEST TRANSACTION
control field 20211208234133.0
008 - FIXED-LENGTH DATA ELEMENTS--GENERAL INFORMATION
fixed length control field 140107s1965 ilu b 001 0 eng d
035 ## - SYSTEM CONTROL NUMBER
System control number (BD-RjUL)5860
System control number (OCoLC)4226658
040 ## - CATALOGING SOURCE
Original cataloging agency DLC
Transcribing agency ScCC
Modifying agency NcRS
-- OCoLC
-- Uk
-- DLC
-- BD-RjUL
Language of cataloging eng
041 ## - LANGUAGE CODE
Language code of text/sound track or separate title eng
082 00 - DEWEY DECIMAL CLASSIFICATION NUMBER
Classification number 320.3
Author mark and year LOP 1965
100 1# - MAIN ENTRY--PERSONAL NAME
Personal name Loewenstein, Karl,
Dates associated with a name 1891-1973.
9 (RLIN) 13848
245 10 - TITLE STATEMENT
Title Political power and the governmental process.
Statement of responsibility, etc. With a new postscript by the author.
250 ## - EDITION STATEMENT
Edition statement 2d. ed.
260 ## - PUBLICATION, DISTRIBUTION, ETC. (IMPRINT)
Place of publication, distribution, etc. Chicago,
Name of publisher, distributor, etc. University of Chicago Press,
Date of publication, distribution, etc. 1965.
300 ## - PHYSICAL DESCRIPTION
Pagination x, 464 p. ;
Size 21 cm.
490 1# - SERIES STATEMENT
Series statement Charles R. Walgreen Foundation lectures.
500 ## - GENERAL NOTE
General note Phoenix books, P190.
504 ## - BIBLIOGRAPHY, ETC. NOTE
Bibliography, etc Includes bibliography and index.
650 #0 - SUBJECT ADDED ENTRY--TOPICAL TERM
Topical term or geographic name as entry element Power (Social sciences)
9 (RLIN) 5142
Topical term or geographic name as entry element Political science.
9 (RLIN) 18297
942 ## - ADDED ENTRY ELEMENTS (KOHA)
Source of classification or shelving scheme Dewey Decimal Classification
Koha item type Books
Holdings
Lost status Source of classification or shelving scheme Damaged status Not for loan Collection code Permanent Location Current Location Date acquired Source of acquisition Cost, normal purchase price Total Checkouts Full call number Date last seen Copy number Koha item type
  Dewey Decimal Classification   Not For Loan Non-fiction Central Library, University of Rajshahi Central Library, University of Rajshahi 28/02/1967 Better Books 17.00   320.3 LOP 1965 07/01/2014 C-1 Books